000 00841nas a2200277 4500
001 BR2016004196
003 BR-BrBNA
005 20231205130643.0
007 ta
008 230509b bl.|||p| |||| 00| 00por d
040 _aBR-BrBNA
_bpor
_cBiblioteca Nacional de Agricultura
041 _a(Pt)
072 _aQ04
100 1 _aSilva, A.C.C. da
100 1 _aSilva, I.P.O.
100 1 _aMessias, C.M.B. de O.
100 1 _aMendes, M.L.M.
245 1 _aDesenvolvimento e aceitação de sorvete de leite de cabra enriquecido com alfarroba
650 _aCABRA
650 _aLEITE
650 _aANÁLISE ORGANOLÉPTICA
650 _aCONSUMIDOR
773 0 _tHigiene Alimentar (Brazil)
_xISSN 0101-9171
_g(Jul-Aug 2016), v. 30(258-259) p. 114-118
_wBR2016004196
909 _a202311
_bLúcia
_c55
_dLúcia Elande
942 _2AGRIS
_n0
_cANA
999 _c250551
_d250551